Marketing communications (Record no. 559)

MARC details
000 -LEADER
fixed length control field 00498 a2200193 4500
001 - CONTROL NUMBER
control field 066513
003 - CONTROL NUMBER IDENTIFIER
control field OSt
005 - DATE AND TIME OF LATEST TRANSACTION
control field 20210930162158.0
008 - FIXED-LENGTH DATA ELEMENTS--GENERAL INFORMATION
fixed length control field
082 ## - DEWEY DECIMAL CLASSIFICATION NUMBER
Classification number 658.802
Item number D13M
100 1# - MAIN ENTRY--PERSONAL NAME
Personal name Dahlen, Micael
245 1# - TITLE STATEMENT
Title Marketing communications
Statement of responsibility, etc by Micael Dahlen, Fredrik Lange and Terry Smith
260 ## - PUBLICATION, DISTRIBUTION, ETC. (IMPRINT)
Place of publication, distribution, etc India
Name of publisher, distributor, etc Wiley
Date of publication, distribution, etc 2010
300 ## - PHYSICAL DESCRIPTION
Extent 584p.
690 ## - LOCAL SUBJECT ADDED ENTRY--TOPICAL TERM (OCLC, RLIN)
Topical term or geographic name as entry element Management; Marketing
700 ## - ADDED ENTRY--PERSONAL NAME
Personal name Lange, Fredrik
700 ## - ADDED ENTRY--PERSONAL NAME
Personal name Smith, Terry
942 ## - ADDED ENTRY ELEMENTS (KOHA)
Source of classification or shelving scheme Dewey Decimal Classification
Koha item type Books
Holdings
Withdrawn status Lost status Source of classification or shelving scheme Damaged status Not for loan Collection code Home library Current library Date acquired Source of acquisition Cost, normal purchase price Full call number Barcode Date last seen Price effective from Koha item type
    Dewey Decimal Classification     General Text Book Central University Of Rajasthan Central University Of Rajasthan 07/03/2012 MGM 3145.00 658.802 D13M 799 21/11/2024 02/09/2020 Books